| Tag |
First Indicator |
Second Indicator |
Subfields |
| LEADER |
00000cam a2200000Ia 4500 |
| 001 |
in00002784904 |
| 005 |
20151202171858.0 |
| 008 |
910110s1990 ohua f000 0 eng d |
| 035 |
|
|
|a (OCoLC)ocm22943345
|
| 040 |
|
|
|a EJB
|b eng
|c EJB
|d GPO
|d ERB
|d OCL
|d OCLCQ
|d GPO
|d MvI
|d UtOrBLW
|
| 043 |
|
|
|a n-us---
|
| 049 |
|
|
|a UDOC
|
| 050 |
|
4 |
|a TD420
|b .E5 no.540/A5-89/005
|
| 074 |
|
|
|a 0431-I-01
|
| 086 |
0 |
|
|a EP 1.2:SO 4/8
|
| 088 |
|
|
|a EPA/540/A 5-89/005
|
| 088 |
|
|
|a 68-03-3484
|
| 245 |
0 |
0 |
|a Applications analysis report :
|b Soliditech, Inc. solidification/stabilization process.
|
| 246 |
3 |
0 |
|a Soiditech, Inc., solidification/stabilization process, applications analysis report
|
| 264 |
|
1 |
|a Cincinnati, OH :
|b Risk Reduction Engineering Laboratory, Office of Research and Development, U.S. Environmental Protection Agency,
|c [1990]
|
| 300 |
|
|
|a x, 49 pages :
|b illustrations ;
|c 28 cm.
|
| 336 |
|
|
|a text
|b txt
|2 rdacontent
|
| 337 |
|
|
|a unmediated
|b n
|2 rdamedia
|
| 338 |
|
|
|a volume
|b nc
|2 rdacarrier
|
| 500 |
|
|
|a "SITE, Superfund innovative technology evaluation"--Cover.
|
| 500 |
|
|
|a "September 1990."
|
| 500 |
|
|
|a Shipping list number: 1990-757-P.
|
| 500 |
|
|
|a "EPA/540/A5-89/005."
|
| 500 |
|
|
|a "Contract number 68-03-3484"--P. ii.
|
| 530 |
|
|
|a Also issued online.
|
| 610 |
2 |
0 |
|a Superfund Innovative Technology Evaluation Program (U.S.)
|
| 650 |
|
0 |
|a Hazardous wastes
|x Research
|z United States.
|
| 650 |
|
0 |
|a Hazardous waste treatment facilities
|z United States.
|
| 710 |
2 |
|
|a Risk Reduction Engineering Laboratory (U.S.)
|
| 710 |
2 |
|
|a PRC Environmental Management, Inc.
|
| 776 |
0 |
8 |
|i Online version:
|t Applications analysis report
|w (OCoLC)645770987
|
| 999 |
|
|
|a MARS
|
| 999 |
f |
f |
|s adb53b75-c8e7-3fea-9533-3f9a85c2166b
|i 7b93bad4-4d86-3643-b9ea-519674ab9acd
|t 0
|
| 952 |
f |
f |
|p normal
|a Texas A&M University
|b College Station
|c Sterling C. Evans Library
|d Evans: US Documents (Annex 5th floor)
|t 0
|e EP 1.2:SO 4/8
|h Superintendent of Documents classification
|i unmediated -- volume
|m A14817321498
|
| 998 |
f |
f |
|a EP 1.2:SO 4/8
|t 0
|l Evans: US Documents (Annex 5th floor)
|